Online
Catalog

La historia de la metafísica de Conny Méndez / (Record no. 15390)

MARC details
000 -CABECERA
campo de control de longitud fija 00759cam a22002417a 4500
001 - NÚMERO DE CONTROL
campo de control 000015846
005 - FECHA Y HORA DE LA ÚLTIMA TRANSACCIÓN
campo de control 20240523181032.0
008 - DATOS DE LONGITUD FIJA--INFORMACIÓN GENERAL
campo de control de longitud fija 000107s1997 ve 000 | spa
020 ## - NÚMERO INTERNACIONAL ESTÁNDAR DEL LIBRO
Número Internacional Estándar del Libro 9806429036
040 ## - FUENTE DE LA CATALOGACIÓN
Centro catalogador/agencia de origen DO-SdBNP
Centro/agencia transcriptor DLC
082 ## - NÚMERO DE LA CLASIFICACIÓN DECIMAL DEWEY
Número de clasificación 110
Número de documento/Ítem C389h
049 ## - FONDOS LOCALES (OCLC)
Fondos de biblioteca BNGR
100 1# - ENTRADA PRINCIPAL--NOMBRE DE PERSONA
Nombre de persona Cedeño, Rubén.
Numeración 1952-
9 (RLIN) 35239
245 13 - MENCIÓN DE TÍTULO
Título La historia de la metafísica de Conny Méndez /
Mención de responsabilidad, etc. Rubén Cedeño ; prólogo Luis Felipe Gil.
260 ## - PUBLICACIÓN, DISTRIBUCIÓN, ETC.
Lugar de publicación, distribución, etc. Caracas :
Nombre del editor, distribuidor, etc. Grupo Editorial Asclepio,
Fecha de publicación, distribución, etc. 1997.
300 ## - DESCRIPCIÓN FÍSICA
Extensión 147 p. ;
Dimensiones 22 cm.
490 1# - MENCIÓN DE SERIE
Mención de serie Metafísica
590 ## - NOTA LOCAL (RLIN)
Nota local Ejemplar autobiografiado por el autor.
650 #4 - PUNTO DE ACCESO ADICIONAL DE MATERIA--TÉRMINO DE MATERIA
Término de materia o nombre geográfico como elemento de entrada Metafísica
9 (RLIN) 19469
700 1# - PUNTO DE ACCESO ADICIONAL--NOMBRE DE PERSONA
Nombre de persona Gil, Luis Felipe
Término indicativo de función/relación pról.
9 (RLIN) 35242
830 ## - PUNTO DE ACCESO ADICIONAL DE SERIE-TÍTULO UNIFORME
Título uniforme Metafísica
9 (RLIN) 35656
910 ## - DATOS DE OPCIÓN DEL USUARIO (OCLC)
Datos de opción del usuario Catalogación por copia / LC
Holdings
Estado de retiro Estado de pérdida Restricciones de uso No para préstamo Código de colección Localización permanente Ubicación/localización actual Ubicación en estantería Fecha de adquisición Número de inventario Total de préstamos Signatura topográfica completa Código de barras Fecha visto por última vez Precio válido a partir de Tipo de ítem Koha
    Préstamo interno   Monografías: Libros y Folletos General General En catalogación 19.02.2010 LF1   110 C389h 15846-10 25.06.2020 25.06.2020 Préstamo interno

Powered by Koha